000 00617cam a2200205 a 4500
001 3014501
005 20250603122706.0
008 940531s1994 tnu b 000 0 eng
020 _a0687002451 (alk. paper)
050 0 0 _aBV1464
_b.F65 1994
082 0 0 _a268
_220
100 1 _aFoster, Charles R.,
_d1937-
245 1 0 _aEducating congregations :
_bthe future of Christian education /
_cCharles R. Foster.
260 _aNashville :
_bAbingdon Press,
_cc1994.
300 _a160 p. ;
_c21 cm.
650 0 _aChristian education.
650 0 _aChristianity
_xForecasting.
650 0 _aChurch work.
942 _2lcc
_cBK
_n0
999 _c6207
_d6207